Catalog

Record Details

Catalog Search



 Příběh České republiky : The Story of Czech republic závěrečná práce  Cover Image Book Book

Příběh České republiky : The Story of Czech republic závěrečná práce / autor ; vedoucí práce Olga Doležalová 

Pelikánová , Eva (Author). Montessori ČR (Added Author).

Summary:

Závěrečná práce je zaměřena na oblast kosmické výchovy. Po vzoru velkých kosmických příběhu Marie Montessori a jejího syna Maria představuje historii českých zemí. Příběh zachycuje zejména hostorické události a osobnosti, které významně ovlivnily vývoj našeho státu. Čerpá nejen z doložených historických faktů, ale využíva i tradičních pověstí.

Record details

  • Physical Description: 30 stran : 31 cm

Content descriptions

Dissertation Note:
Závěrečná práce - Montessori ČR, 2015
Bibliography, etc. Note:
Obsahuje bibliografii
Genre: závěrečné práce

Available copies

  • 1 of 1 copy available at Common Catalog SPOK.

Holds

  • 0 current holds with 1 total copy.
Show Only Available Copies
Location Call Number / Copy Notes Barcode Shelving Location Status Due Date
Montessori Library ZP0191 4614610191 Chodba Available -

LDR ntm a22 i 4500
00147022
003CZ-PrJAB
00520200812181522.0
007ta
008 s2015 xr e 000 0 cze
040 . ‡aABG323 ‡bcze ‡erda
0410 . ‡acze
1001 . ‡aPelikánová , Eva ‡4aut
24510. ‡a Příběh České republiky : ‡bThe Story of Czech republic závěrečná práce / ‡c autor ; vedoucí práce Olga Doležalová 
264 0. ‡c2015
300 . ‡a30 stran : ‡c31 cm
336 . ‡atext ‡btxt ‡2rdacontent
337 . ‡abez média ‡bn ‡2rdamedia
338 . ‡asvazek ‡bnc ‡2rdacarrier
502 . ‡aZávěrečná práce - Montessori ČR, 2015
504 . ‡aObsahuje bibliografii
5203 . ‡aZávěrečná práce je zaměřena na oblast kosmické výchovy. Po vzoru velkých kosmických příběhu Marie Montessori a jejího syna Maria představuje historii českých zemí. Příběh zachycuje zejména hostorické události a osobnosti, které významně ovlivnily vývoj našeho státu. Čerpá nejen z doložených historických faktů, ale využíva i tradičních pověstí.
6530 . ‡aPříběh ‡aČeská republika ‡akosmická výchova ‡aMaria Montessori ‡ahistorie ‡apověsti
655 7. ‡azávěrečné práce ‡7fd186753 ‡2czenas
7102 . ‡aMontessori ČR
85641. ‡yPlný text ‡zPlný text je dostupný pouze členům Montessori ČR
910 . ‡aABG323
901 . ‡a47022 ‡b ‡c47022 ‡tbiblio

Additional Resources